Numerical python. Scientific computing and data. Science applications with Numpy, SciPy and Matplotlib.

Сохранить в:
Библиографические подробности
Главный автор: Johansson, Robert (Автор)
Формат: Неизвестно
Опубликовано: Berkeley, CA., United States: Apress, 2019.
Редактирование:Second edition.
Предметы:
Метки: Добавить метку
Нет меток, Требуется 1-ая метка записи!

MARC

LEADER 00000 a2200000 4500
003 CL-VaPUC
005 20221021105550.0
008 221018t2019 ||||| |||| 00| 0 eng d
999 |c 438765  |d 438763 
020 |a 9781484242452 
040 |c Pontificia Universidad Católica de Valparaíso 
082 7 |a 005.133 JOH 2019  |2 22 
100 |a Johansson, Robert  |9 876728  |e author 
245 |a Numerical python.  |b Scientific computing and data. Science applications with Numpy, SciPy and Matplotlib. 
250 |a Second edition.  
260 |a Berkeley, CA., United States:  |b Apress,  |c 2019. 
300 |a 700 páginas. 
583 |k GC  |c 20221018 
650 |a Programación de computadoras  |9 351107 
650 |a Python  |9 737799 
942 |2 ddc  |c BK 
952 |0 0  |1 0  |2 ddc  |4 0  |6 005_133000000000000_JOH_2019  |7 0  |8 A  |9 587304  |a BIBMAT  |b BIBMAT  |c GEN  |d 2022-10-14  |e 3  |g 43358.00  |i 5655237  |l 4  |m 2  |o 005.133 JOH 2019  |p 5655237  |r 2025-01-07  |s 2024-10-03  |t 1  |v 43358.00  |w 2022-10-14  |y BK  |k MAT